South Eastern Kenya University

Library Online Public Access Catalogue


Quantitative techniques/ (Record no. 107)

MARC details
000 -LEADER
fixed length control field 00448nam a22001577a 4500
020 ## - INTERNATIONAL STANDARD BOOK NUMBER
International Standard Book Number 9789325968967
050 ## - LIBRARY OF CONGRESS CALL NUMBER
Classification number QA276
Item number .K68 1984
100 ## - MAIN ENTRY--PERSONAL NAME
Personal name Kothari, C R
245 ## - TITLE STATEMENT
Title Quantitative techniques:
Statement of responsibility, etc. C. R. kothari,
250 ## - EDITION STATEMENT
Edition statement 3rd ed.
260 ## - PUBLICATION, DISTRIBUTION, ETC. (IMPRINT)
Place of publication, distribution, etc. New Delhi
Name of publisher, distributor, etc. Vikas
Date of publication, distribution, etc. 1984
300 ## - PHYSICAL DESCRIPTION
Extent 7.2 x 6.5 x 0.5 inches
500 ## - GENERAL NOTE
General note includes Index, table of contents and bibliographic references
650 ## - SUBJECT ADDED ENTRY--TOPICAL TERM
Form subdivision Quantitative tchniques
942 ## - ADDED ENTRY ELEMENTS (KOHA)
Koha item type Shortloan
Source of classification or shelving scheme Library of Congress Classification
Holdings
Withdrawn status Lost status Source of classification or shelving scheme Damaged status Not for loan Home library Current library Date acquired Cost, normal purchase price Total Checkouts Total Renewals Full call number Barcode Date last seen Date last checked out Cost, replacement price Price effective from Koha item type Public note Shelving location
    Library of Congress Classification     Kitui Town Campus Library Kitui Town Campus Library 01/04/2015 3500.00 5 1 QA276 .K68 1984 3057 09/09/2022 28/01/2019 4000.00   General circulation   General Stacks
    Library of Congress Classification     Main Campus Library Main Campus Library 06/05/2014 3500.00 27 3 QA276 .K68 1984 2021/025820 07/03/2023 10/01/2023 4500.00 06/05/2014 General circulation    
    Library of Congress Classification     Main Campus Library Main Campus Library 13/10/2014 3500.00 35 1 QA276 .K68 1984 2016/013988 21/11/2018 21/11/2018 4000.00   Shortloan JT  
Kitui, Kenya.
+254736116989
library@seku.ac.ke